Music Quiz

Random Music or Artist Quiz
Score 0/38 Timer 04:00
1 Play Today
% Correct
N
96.8%
Leo
96.8%
Leo
96.8%
Ravi
95.5%
Ken
93.5%
Hyuk
92.9%
Mina
92.9%
Hyuk
92.9%
Hongbin
91%
Sejeong
91%
Kim Sejeong
91%
Nayoung
76.8%
Hana
73.5%
Mimi
68.4%
Sally
67.7%
Haebin
58.7%
Hyeyeon
58.7%
Soyee
57.4%
Seo Inguk
31.6%
% Correct
Kangmin
30.3%
Dongheon
23.9%
Hoyoung
23.9%
Minchan
23.2%
Park Hyoshin
22.6%
Gyehyeon
21.9%
Yeonho
21.9%
Yongseung
20.6%
Brian Joo
18.7%
Jang Hyejin
17.4%
Park Yoonha
16.1%
Sung Sikyung
16.1%
Lee Seokhoon
15.5%
Park Hakki
14.8%
Kyun Woo
14.8%
Park Janghyun
14.8%
Altair
14.2%
Lisa
14.2%
Kim Hyeongjung
13.5%

You're not logged in!

Compare scores with friends on all Sporcle quizzes.
OR
Log In

Sporcle TV

Today on Sporcle TV


Watch our educational content, quiz creation guides, and fun videos on Sporcle TV.

Show Comments

Extras

Top Quizzes Today


Score Distribution

Paid Content

Your Account Isn't Verified!

In order to create a playlist on Sporcle, you need to verify the email address you used during registration. Go to your Sporcle Settings to finish the process.

Report this User

Report this user for behavior that violates our Community Guidelines.

Details: